000 00557nam a2200193Ia 4500
001 8573
003 GE_BSU
008 181216s||||||||xx |||||||||||||| ||und||
040 _cGE_BSU
245 _aВопросы философии, №11. 2013.
245 _cгл.ред.Пружинин Борис Исаевич и др.
260 _aМосква
260 _c2013
300 _a192стр;24см.
653 _aВопросы философии, №11. 2013.
653 _aПериодика
653 _aპერიოდიკა
942 _cCR
999 _c41889
_d41889